Las Obras de Christoual de Castillejo / (Record no. 153011)
[ view plain ]
| 000 -LEADER | |
|---|---|
| campo de control de longitud fija | 01139nam a22002171i 4500 |
| 001 - NÚMERO DE CONTROL | |
| campo de control | 153011 |
| 003 - IDENTIFICADOR DE NÚMERO DE CONTROL | |
| campo de control | ES-MaACL |
| 005 - FECHA Y HORA DE LA ÚLTIMA TRANSACCIÓN | |
| campo de control | 20250930063132.0 |
| 008 - DATOS DE LONGITUD FIJA--INFORMACIÓN GENERAL | |
| campo de control de longitud fija | 931025s1598 be |||| | spa d |
| 040 ## - FUENTE DE CATALOGACIÓN | |
| Centro catalogador/agencia de origen | CCP |
| Lengua de catalogación | spa |
| Centro/agencia transcriptor | PAB |
| Centro/agencia modificador | CCPB |
| 100 1# - ENTRADA PRINCIPAL--NOMBRE DE PERSONA | |
| Nombre de persona | Castillejo, Cristobal, |
| Fechas asociadas al nombre | 1494-1550 |
| 9 (RLIN) | 36660 |
| 245 14 - MENCIÓN DEL TÍTULO | |
| Título | Las Obras de Christoual de Castillejo / |
| Mención de responsabilidad, etc. | corregidas, y emendadas, por mandado del Consejo de la Santa, y General Inquisicion. |
| 260 ## - PUBLICACIÓN, DISTRIBUCIÓN, ETC. | |
| Lugar de publicación, distribución, etc. | En Anvers : |
| Nombre del editor, distribuidor, etc. | en casa de Pedro Bellero, |
| Fecha de publicación, distribución, etc. | 1598. |
| 300 ## - DESCRIPCIÓN FÍSICA | |
| Extensión | [6] h., h. 3-372 ; |
| Dimensiones | 12º. |
| 510 4# - NOTA DE CITAS O REFERENCIAS BIBLIOGRÁFICAS | |
| Nombre de la fuente | CCBE S. XVI, |
| Localización dentro de la fuente | C, 1066 |
| 510 4# - NOTA DE CITAS O REFERENCIAS BIBLIOGRÁFICAS | |
| Nombre de la fuente | Peeters-Fontainas. Bibliographie des impressions espagnoles des Pays Bas Méridioneux, |
| Localización dentro de la fuente | n. 204 |
| 596 ## - NOTA AL PIE DE IMPRENTA | |
| NOTA AL PIE DE IMPRENTA | Marca tip. en port. |
| 597 ## - NOTA DE DESCRIPCIÓN FÍSICA | |
| NOTA DE DESCRIPCIÓN FÍSICA | Sign.: Sign.: A¹6, B-Z¹², 2A-2H¹². |
| 852 ## - LOCALIZACIÓN | |
| Ubicación | ES-MaACL |
| Número de control de estantería | R-743 |
| Nota libre | -- Enc. perg. |
| -- | -- Tras la port., hay una h. pegada con la siguiente anotación: "Esta oja es de la edición de Madrid por Pierre Cosin año de 1573. Recopilada y correjida (como la Propaladia de Naarro y el Lazarillo) por Juan Lopez de Veslasco al qual le dieron privilegio" |
| Encuadernación | Olim: G-884 |
| Estatus retirado | Estado de pérdida | Estado de daño | No para préstamo | Colección | Biblioteca de origen | Biblioteca actual | Ubicación en estantería | Fecha de adquisición | Fuente de adquisición | Total de préstamos | Signatura topográfica completa | Código de barras | Visto por última vez | Precio de reemplazo | Tipo de ítem Koha |
|---|---|---|---|---|---|---|---|---|---|---|---|---|---|---|---|
| Libros del s. XVI | Biblioteca del Ateneo de Madrid | Biblioteca del Ateneo de Madrid | Depósito | 17/01/2008 | R-743 | 1159850 | 23/02/2023 | 23/02/2023 | Libro impreso antiguo |
